Professional web 2.0 programming
This book includes: How Web 2.0 applications are developed; New ways to get the major client-side technologies to work together; The new class of emerging tools; All about HTTP and URIs, XML, syndication, microformats, and Web Services; Techniques for implementing and maintaining your URI space; How...
Sparad:
| Huvudupphovsman: | |
|---|---|
| Materialtyp: | Bok |
| Språk: | Undetermined |
| Publicerad: |
Indianapoliss, IN
Wiley Publishing, Inc.
2007
|
| Ämnen: | |
| Taggar: |
Lägg till en tagg
Inga taggar, Lägg till första taggen!
|
| Thư viện lưu trữ: | Trung tâm Học liệu Trường Đại học Cần Thơ |
|---|
| LEADER | 01027nam a2200205Ia 4500 | ||
|---|---|---|---|
| 001 | CTU_124117 | ||
| 008 | 210402s9999 xx 000 0 und d | ||
| 020 | |c 639000 | ||
| 082 | |a 006.76 | ||
| 082 | |b P964 | ||
| 100 | |a Vlist, Eric van Der | ||
| 245 | 0 | |a Professional web 2.0 programming | |
| 245 | 0 | |c Eric van der Vlist ... [et al.] | |
| 260 | |a Indianapoliss, IN | ||
| 260 | |b Wiley Publishing, Inc. | ||
| 260 | |c 2007 | ||
| 520 | |a This book includes: How Web 2.0 applications are developed; New ways to get the major client-side technologies to work together; The new class of emerging tools; All about HTTP and URIs, XML, syndication, microformats, and Web Services; Techniques for implementing and maintaining your URI space; How to serve XML over HTTP; Steps for building mashups to aggregate information from multiple sources; Methods for enhancing security in your applications. | ||
| 650 | |a Internet programming,Web site development | ||
| 904 | |i Minh | ||
| 980 | |a Trung tâm Học liệu Trường Đại học Cần Thơ | ||